Finanční trhy v Evropské unii

Banky v krajinách EÚ - spolupráca so zahraničnými bankami, zriaďovanie pobočiek a dcérskych spoločností, získavanie domácich bánk. Akvizícia bánk. Koncentrácia na domáce bankové trhy. Spoločná mena a menová únia. Narastanie súťaživosti na finančných trhoch krajín EÚ.

Gespeichert in:
Bibliographische Detailangaben
1. Verfasser: Tomášek, M.
Format: Buchkapitel
Sprache:Tschechisch
Schlagworte:
Tags: Tag hinzufügen
Keine Tags, Fügen Sie das erste Tag hinzu!

MARC

LEADER 00000naa a2200000 4500
001 r017612
005 20221208130925.6
041 0 |a cze 
044 |a CZ 
245 1 0 |a Finanční trhy v Evropské unii  |c M. Tomášek 
520 |a Banky v krajinách EÚ - spolupráca so zahraničnými bankami, zriaďovanie pobočiek a dcérskych spoločností, získavanie domácich bánk. Akvizícia bánk. Koncentrácia na domáce bankové trhy. Spoločná mena a menová únia. Narastanie súťaživosti na finančných trhoch krajín EÚ. 
610 2 0 |a banky 
610 2 0 |a trh finančný 
610 2 0 |a konkurencieschopnosť 
610 2 0 |a únie menové 
610 2 0 |a Európska únia 
100 1 |a Tomášek, M.